[Event "Offene Hessische Senioren Einzelmeisters"]
[Site "Bad Sooden- Allendorf"]
[Date "2011.05.04"]
[Round "5.31"]
[White "Heinzel, Peter"]
[Black "Schnaitmann, Herbert"]
[Result "1/2-1/2"]
[WhiteElo "2078"]
[BlackElo "2044"]
[PlyCount "42"]
[EventDate "2011.??.??"]

1. c4 Nf6 2. g3 e6 3. Bg2 d5 4. Nf3 Be7 5. b3 O-O 6. Bb2 Ne4 7. d3 Bf6 8. Qc1
Bxb2 9. Qxb2 Qf6 10. Qxf6 Nxf6 11. Nc3 c6 12. O-O Re8 13. Nd2 Na6 14. Rfe1 Rb8
15. a3 Nc7 16. b4 e5 17. e4 d4 18. Ne2 Nd7 19. f4 f6 20. Nf3 Nf8 21. h3 c5
1/2-1/2

[Event "Offene Hessische Senioren Einzelmeisters"]
[Site "Bad Sooden- Allendorf"]
[Date "2011.05.04"]
[Round "5.32"]
[White "Grabitz, Dr. Georg"]
[Black "Simon, Eberhard"]
[Result "1/2-1/2"]
[WhiteElo "2093"]
[BlackElo "1997"]
[PlyCount "32"]
[EventDate "2011.??.??"]

1. d4 Nf6 2. Nf3 c6 3. Bf4 d5 4. e3 Qb6 5. Qc1 Bf5 6. Nbd2 e6 7. Be2 h6 8. h3
Nbd7 9. Ne5 Nxe5 10. Bxe5 Be7 11. O-O O-O 12. c4 Ne4 13. c5 Qd8 14. Nxe4 Bxe4
15. b4 Bf6 16. Bd6 Be7 1/2-1/2

[Event "Offene Hessische Senioren Einzelmeisters"]
[Site "Bad Sooden- Allendorf"]
[Date "2011.05.04"]
[Round "5.33"]
[White "Kempen, Willi"]
[Black "Bachmann, Rolf"]
[Result "1/2-1/2"]
[WhiteElo "2046"]
[BlackElo "2039"]
[PlyCount "80"]
[EventDate "2011.??.??"]

1. e4 c5 2. Nf3 d6 3. d4 cxd4 4. Nxd4 Nf6 5. Nc3 a6 6. Bc4 Nc6 7. Bb3 e6 8. Be3
Be7 9. Qf3 O-O 10. O-O-O Nxd4 11. Rxd4 Qc7 12. h3 b5 13. g4 Bb7 14. g5 Nd7 15.
Qg3 Nc5 16. f3 Rac8 17. Rh2 Rfd8 18. h4 Nxb3+ 19. axb3 d5 20. e5 Bc5 21. g6
Bxd4 22. gxh7+ Kxh7 23. Bxd4 Bc6 24. Rg2 Rg8 25. Qg5 g6 26. Be3 Rg7 27. h5 Kg8
28. h6 Rh7 29. Qf4 d4 30. Bxd4 b4 31. Ne4 Bxe4 32. fxe4 Qd8 33. Be3 Qf8 34. Rh2
Rh8 35. Rd2 Rc7 36. Qf6 Rc8 37. Qg5 Kh7 38. Rd7 Rd8 39. Ra7 Ra8 40. Re7 Re8
1/2-1/2

[Event "Offene Hessische Senioren Einzelmeisters"]
[Site "Bad Sooden- Allendorf"]
[Date "2011.05.04"]
[Round "5.34"]
[White "Romanow, Werner"]
[Black "Fleischer, Martin"]
[Result "1-0"]
[WhiteElo "2097"]
[BlackElo "1879"]
[PlyCount "85"]
[EventDate "2011.??.??"]

1. c4 e6 2. g3 d5 3. Bg2 Nf6 4. Nf3 Be7 5. O-O O-O 6. b3 Nbd7 7. Bb2 Re8 8. e3
h6 9. d3 c6 10. Qe2 Nh7 11. Nc3 Bf6 12. Rfd1 a6 13. Rac1 Qe7 14. h3 Ndf8 15.
Na4 Bxb2 16. Qxb2 Nd7 17. Nd2 Rb8 18. d4 f5 19. Nc3 Nhf6 20. Ne2 Ne4 21. Nxe4
fxe4 22. Nc3 Nf6 23. Qe2 Rf8 24. Rf1 Qd6 25. Kh2 h5 26. Kg1 g6 27. f4 Kg7 28.
h4 Qe7 29. Bh3 Ng8 30. Na4 b5 31. cxb5 axb5 32. Nc5 Nh6 33. Rc3 Nf5 34. Kh2 Qd6
35. Rg1 Qe7 36. Qf2 Ra8 37. Rc2 Kh6 38. Rgc1 Rf7 39. Bxf5 exf5 40. a4 Qa7 41.
axb5 cxb5 42. Nxe4 dxe4 43. Rxc8 1-0

[Event "Offene Hessische Senioren Einzelmeisters"]
[Site "Bad Sooden- Allendorf"]
[Date "2011.05.04"]
[Round "5.35"]
[White "Rollwitz, Jürgen"]
[Black "Duijker, Bert"]
[Result "1/2-1/2"]
[WhiteElo "1978"]
[BlackElo "1867"]
[PlyCount "43"]
[EventDate "2011.??.??"]

1. e4 g6 2. g3 Bg7 3. Bg2 d6 4. d3 c5 5. Ne2 Nc6 6. c3 Bd7 7. Nd2 Rb8 8. O-O b5
9. Nf3 e6 10. Be3 Nge7 11. Qc2 O-O 12. d4 c4 13. Qd2 d5 14. Nh4 dxe4 15. Bxe4
Nd5 16. Bh6 Nf6 17. Bg2 Ne7 18. Bxg7 Kxg7 19. Nf3 Bc6 20. Nf4 g5 21. Ne2 Ned5
22. Rfc1 {weitere 16 Züge nicht rekonstruierbar} 1/2-1/2

[Event "Offene Hessische Senioren Einzelmeisters"]
[Site "Bad Sooden- Allendorf"]
[Date "2011.05.04"]
[Round "5.36"]
[White "Geisler, Reinhard"]
[Black "Oldach, Ehrenfried"]
[Result "0-1"]
[WhiteElo "1894"]
[BlackElo "2033"]
[PlyCount "112"]
[EventDate "2011.??.??"]

1. d4 Nf6 2. c4 e6 3. g3 Bb4+ 4. Bd2 Qe7 5. Nf3 b6 6. Bg2 Bb7 7. O-O Bxd2 8.
Nbxd2 O-O 9. Qc2 d6 10. e4 Nbd7 11. Rfe1 e5 12. d5 a5 13. b3 Nc5 14. a3 Bc8 15.
b4 Nb7 16. Nf1 Ng4 17. Nh4 Qg5 18. f3 Nh6 19. Qd2 Qxd2 20. Nxd2 g5 21. Nf5 Nxf5
22. exf5 Bxf5 23. Ne4 Bxe4 24. fxe4 f5 25. exf5 Rxf5 26. Bh3 Rf3 27. Be6+ Kg7
28. Rf1 Raf8 29. Rxf3 Rxf3 30. Bc8 Nd8 31. c5 dxc5 32. bxc5 b5 33. Bd7 Rc3 34.
d6 cxd6 35. cxd6 Nf7 36. Bxb5 Nxd6 37. a4 Kf6 38. Bd7 Ke7 39. Bb5 Rb3 40. Bc6
Rc3 41. Bd5 Rc5 42. Bg8 h6 43. Ra2 Ne4 44. Kf1 Nc3 45. Ra3 Kf6 46. Kf2 e4 47.
Ra1 Ke5 48. Bb3 Kd4 49. Re1 Rf5+ 50. Kg2 e3 51. Be6 Rf2+ 52. Kg1 Rd2 53. Bg4
Ra2 54. Bd7 Kd3 55. h4 e2 56. Kf2 Kd2 0-1

[Event "Offene Hessische Senioren Einzelmeisters"]
[Site "Bad Sooden- Allendorf"]
[Date "2011.05.04"]
[Round "5.37"]
[White "Draxler, Gottfried"]
[Black "Petzold, Dr. Hans"]
[Result "1/2-1/2"]
[WhiteElo "1813"]
[BlackElo "2157"]
[PlyCount "58"]
[EventDate "2011.??.??"]

1. d4 e6 2. c4 Nf6 3. Nf3 Bb4+ 4. Bd2 Qe7 5. a3 Bxd2+ 6. Nbxd2 d6 7. e3 e5 8.
d5 a5 9. b3 O-O 10. Be2 e4 11. Nd4 c6 12. dxc6 bxc6 13. O-O d5 14. cxd5 cxd5
15. Qc2 Ba6 16. Rfc1 Nbd7 17. Bxa6 Rxa6 18. Qc7 Raa8 19. Qg3 g6 20. Nc6 Qe6 21.
Nd4 Qa6 22. f3 Qd3 23. Qe1 exf3 24. gxf3 Rfe8 25. Kf2 Rac8 26. Qe2 Ne5 27. Rxc8
Qxe2+ 28. Kxe2 Rxc8 29. f4 Ned7 1/2-1/2

[Event "Offene Hessische Senioren Einzelmeisters"]
[Site "Bad Sooden- Allendorf"]
[Date "2011.05.04"]
[Round "5.38"]
[White "Micheel, Peter"]
[Black "Mentel, Dr. Jürgen"]
[Result "1/2-1/2"]
[WhiteElo "1989"]
[BlackElo "2129"]
[PlyCount "76"]
[EventDate "2011.??.??"]

1. e4 d6 2. d4 Nf6 3. Nc3 e5 4. dxe5 dxe5 5. Qxd8+ Kxd8 6. Bg5 Be6 7. Nd5 Nbd7
8. O-O-O Kc8 9. f3 c6 10. Nc3 Bb4 11. a3 Ba5 12. Bd2 b5 13. g3 Bb6 14. Bh3 Bxh3
15. Nxh3 a5 16. Kb1 h6 17. Rhe1 Rb8 18. Ka2 Bc5 19. Be3 Be7 20. Nf2 Bc5 21. Nd3
Bd6 22. Nf2 Kc7 23. Rd2 Bc5 24. Nd3 Bxe3 25. Rxe3 Rhe8 26. Re1 Nb6 27. Nc5 Ra8
28. b3 Nbd7 29. Nxd7 Nxd7 30. Red1 Re7 31. Kb2 Nb6 32. a4 b4 33. Ne2 c5 34. c4
f6 35. Nc1 Rf8 36. Nd3 Kc6 37. Nf2 Rff7 38. Ng4 Rd7 1/2-1/2

[Event "Offene Hessische Senioren Einzelmeisters"]
[Site "Bad Sooden- Allendorf"]
[Date "2011.05.04"]
[Round "5.39"]
[White "Lewald, Stephan"]
[Black "Lüders, Dr. Günther"]
[Result "0-1"]
[WhiteElo "2046"]
[BlackElo "1870"]
[PlyCount "99"]
[EventDate "2011.??.??"]

1. e4 c5 2. Nf3 Nc6 3. d4 cxd4 4. c3 d3 5. Bxd3 d6 6. h3 g6 7. O-O Bg7 8. Re1
Nf6 9. c4 O-O 10. Nc3 Bd7 11. Be3 Rc8 12. Qd2 Re8 13. Rac1 Qa5 14. b3 Nh5 15.
Bb1 Ne5 16. Nd4 Nc6 17. Nde2 Nf6 18. Bh6 Bh8 19. Ng3 Ne5 20. f4 Nc6 21. Qe3 Ng4
22. Qd2 Nxh6 23. e5 Nf5 24. Nge4 Nfd4 25. Qf2 dxe5 26. f5 Nxf5 27. g4 Nd6 28.
Rf1 Rf8 29. Nxd6 exd6 30. Ne4 Qb6 31. Qxb6 axb6 32. Nxd6 Rc7 33. Nb5 Rcc8 34.
Nd6 Rb8 35. Be4 Nd4 36. Rf2 f5 37. Bd5+ Be6 38. Bxe6+ Nxe6 39. gxf5 Nf4 40. Rc3
g5 41. Rg3 h6 42. h4 Bf6 43. hxg5 hxg5 44. Ne4 Be7 45. Nxg5 Bxg5 46. Rxg5+ Kf7
47. Rh2 Rh8 48. Rxh8 Rxh8 49. Kf1 Rh1+ 50. Kf2 0-1

[Event "Offene Hessische Senioren Einzelmeisters"]
[Site "Bad Sooden- Allendorf"]
[Date "2011.05.04"]
[Round "5.40"]
[White "Mewes, Hans-Dieter"]
[Black "Montsma, Foppe Jan"]
[Result "1/2-1/2"]
[WhiteElo "1938"]
[BlackElo "1997"]
[PlyCount "53"]
[EventDate "2011.??.??"]

1. c4 d6 2. g3 g6 3. Bg2 Bg7 4. d4 f5 5. Nc3 Nf6 6. Bg5 O-O 7. Bxf6 Bxf6 8. e3
c6 9. Nge2 Na6 10. O-O Qe8 11. a3 Qf7 12. d5 c5 13. Qc2 Bd7 14. Nf4 Nc7 15.
Rad1 g5 16. Nfe2 b5 17. cxb5 Nxb5 18. Rfe1 Rab8 19. a4 Nc7 20. Rb1 Rb4 21. b3
Rfb8 22. Na2 R4b7 23. b4 cxb4 24. Nxb4 Rxb4 25. Rxb4 Rxb4 26. Qxc7 Bxa4 27.
Qxa7 1/2-1/2

[Event "Offene Hessische Senioren Einzelmeisters"]
[Site "Bad Sooden- Allendorf"]
[Date "2011.05.04"]
[Round "5.41"]
[White "Rost van Tonningen, Otto"]
[Black "Brandt, Fred"]
[Result "1/2-1/2"]
[WhiteElo "2017"]
[BlackElo "1873"]
[PlyCount "32"]
[EventDate "2011.??.??"]

1. d4 Nf6 2. Nf3 e6 3. Bf4 d5 4. e3 Bd6 5. c3 c6 6. Nbd2 Qc7 7. Bxd6 Qxd6 8.
Ne5 Nbd7 9. f4 Ne4 10. Nxe4 dxe4 11. Bc4 Nb6 12. Bb3 Nd5 13. Qc2 O-O 14. O-O f5
15. Rad1 b5 16. a3 a5 1/2-1/2

[Event "Offene Hessische Senioren Einzelmeisters"]
[Site "Bad Sooden- Allendorf"]
[Date "2011.05.04"]
[Round "5.42"]
[White "Schütze, Manfred"]
[Black "Kalix, Wolfgang"]
[Result "0-1"]
[WhiteElo "1913"]
[BlackElo "2064"]
[PlyCount "26"]
[EventDate "2011.??.??"]

1. e4 e5 2. Nf3 Nc6 3. Bb5 a6 4. Bxc6 dxc6 5. O-O f6 6. d4 Bg4 7. c3 Bd6 8. Qb3
Bxf3 9. gxf3 Qc8 10. d5 cxd5 11. Qxd5 Ne7 12. Qc4 Ng6 13. Be3 Nh4 0-1

[Event "Offene Hessische Senioren Einzelmeisters"]
[Site "Bad Sooden- Allendorf"]
[Date "2011.05.04"]
[Round "5.43"]
[White "Nagorni, Walter"]
[Black "Roth, Reinhard"]
[Result "1-0"]
[WhiteElo "2108"]
[BlackElo "1912"]
[PlyCount "61"]
[EventDate "2011.??.??"]

1. Nf3 Nf6 2. c4 c5 3. Nc3 Nc6 4. g3 g6 5. Bg2 Bg7 6. O-O O-O 7. d4 cxd4 8.
Nxd4 Nxd4 9. Qxd4 Ne8 10. Qd3 d6 11. Rd1 Rb8 12. e4 Nc7 13. Be3 b6 14. Rac1 Ne6
15. b4 a5 16. a3 axb4 17. axb4 Bd7 18. Nd5 Ba4 19. Rd2 b5 20. c5 dxc5 21. Qb1
Qe8 22. bxc5 h6 23. c6 Rc8 24. Qb4 Kh7 25. e5 Bxe5 26. Nxe7 Rc7 27. Nd5 Qc8 28.
Bb6 Rxc6 29. Rxc6 Qxc6 30. Nf6+ Bxf6 31. Bxc6 1-0

[Event "Offene Hessische Senioren Einzelmeisters"]
[Site "Bad Sooden- Allendorf"]
[Date "2011.05.04"]
[Round "5.44"]
[White "Ninic, Milutin"]
[Black "Kleist, Werner"]
[Result "1-0"]
[WhiteElo "1890"]
[BlackElo "1900"]
[PlyCount "120"]
[EventDate "2011.??.??"]

1. Nf3 d5 2. g3 Nc6 3. Bg2 e5 4. d3 Nf6 5. Bg5 h6 6. Bd2 Bc5 7. O-O O-O 8. c3
Re8 9. b4 Bd6 10. a4 e4 11. dxe4 dxe4 12. Nd4 Ne5 13. Bf4 Nc4 14. Bxd6 cxd6 15.
Nd2 Nxd2 16. Qxd2 d5 17. e3 Bg4 18. h3 Bd7 19. Rfc1 Qc8 20. Kh2 Re5 21. c4 Bxh3
22. cxd5 Qd7 23. Bxh3 Rh5 24. Ne6 fxe6 25. Kg2 Rxd5 26. Qc3 Kf7 27. Qc7 Rd8 28.
Rc4 g5 29. Qxd7+ R8xd7 30. Kf1 Rd2 31. Rac1 Ke7 32. b5 Ra2 33. R1c2 Ra1+ 34.
Ke2 Rdd1 35. Rc7+ Kd6 36. Rf7 Re1+ 37. Kd2 Rad1+ 38. Kc3 Nd5+ 39. Kb3 Rb1+ 40.
Rb2 Rxb2+ 41. Kxb2 Re2+ 42. Kb3 Nc7 43. Bg2 b6 44. Bxe4 h5 45. Bc6 Nd5 46. Bxd5
Kxd5 47. Rxa7 Rxf2 48. Rb7 Kc5 49. Rc7+ Kd5 50. Rc6 Rf3 51. Rxb6 Rxe3+ 52. Kb4
Rxg3 53. Rb8 Rg4+ 54. Ka5 h4 55. Rd8+ Kc5 56. Rc8+ Kd6 57. b6 Rg1 58. b7 Rb1
59. b8=Q+ Rxb8 60. Rxb8 h3 1-0

[Event "Offene Hessische Senioren Einzelmeisters"]
[Site "Bad Sooden- Allendorf"]
[Date "2011.05.04"]
[Round "5.45"]
[White "Papapostolou, Christo"]
[Black "Millen, Ernst"]
[Result "1-0"]
[WhiteElo "2105"]
[BlackElo "1953"]
[PlyCount "101"]
[EventDate "2011.??.??"]

1. e4 c5 2. Nf3 Nc6 3. d4 cxd4 4. Nxd4 Nf6 5. Nc3 g6 6. Bc4 Bg7 7. Be3 O-O 8.
Bb3 d6 9. f3 Bd7 10. Qd2 Rc8 11. O-O Qa5 12. Nxc6 bxc6 13. Rad1 Ne8 14. Bd4
Bxd4+ 15. Qxd4 c5 16. Qc4 Be6 17. Nd5 Qd8 18. Qa6 Bxd5 19. exd5 Rc7 20. Rfe1
Ng7 21. Bc4 Qb8 22. Qa5 f5 23. Re3 Qb6 24. Qc3 Qb4 25. Rde1 Qxc3 26. bxc3 Kf7
27. Rb1 f4 28. Re4 g5 29. g3 Nh5 30. Kf2 Nf6 31. Re2 fxg3+ 32. hxg3 h6 33. Re6
Kg7 34. Kg2 Nh7 35. Bd3 Nf6 36. c4 Ng8 37. Rb3 Rf6 38. Re1 h5 39. Reb1 e5 40.
Rb8 Nh6 41. Rd8 Nf7 42. Re8 g4 43. fxg4 hxg4 44. Rbb8 Nh6 45. Rh8 Nf5 46. Rbg8+
Kf7 47. Bxf5 Rxf5 48. Rxg4 Kf6 49. Rh6+ Ke7 50. Rg7+ Rf7 51. Rxf7+ 1-0

[Event "Offene Hessische Senioren Einzelmeisters"]
[Site "Bad Sooden- Allendorf"]
[Date "2011.05.04"]
[Round "5.46"]
[White "Reinhold, Dr. Klaus"]
[Black "Kühnl, Bernd"]
[Result "1-0"]
[WhiteElo "2114"]
[BlackElo "1892"]
[PlyCount "57"]
[EventDate "2011.??.??"]

1. d4 Nf6 2. c4 g6 3. Nc3 Bg7 4. e4 d6 5. f4 O-O 6. Nf3 c5 7. d5 Na6 8. Bd3 Nc7
9. O-O e6 10. e5 Nfe8 11. Be2 a6 12. a4 b6 13. Be3 h6 14. Qd2 Bb7 15. Rfd1 b5
16. axb5 axb5 17. Rxa8 Qxa8 18. dxe6 b4 19. e7 bxc3 20. bxc3 dxe5 21. fxe5 Ne6
22. Bxh6 N8c7 23. exf8=Q+ Qxf8 24. Bxg7 Qxg7 25. Qe3 Qf8 26. Nd2 Qa8 27. Bf3
Qa2 28. Ne4 Qxc4 29. Rd7 1-0

[Event "Offene Hessische Senioren Einzelmeisters"]
[Site "Bad Sooden- Allendorf"]
[Date "2011.05.04"]
[Round "5.47"]
[White "Kienel, Norbert"]
[Black "Höllger, Herbert"]
[Result "1/2-1/2"]
[WhiteElo "1875"]
[BlackElo "2077"]
[PlyCount "49"]
[EventDate "2011.??.??"]

1. d4 g6 2. c4 Bg7 3. Nc3 d6 4. e4 a6 5. h3 Nd7 6. Nf3 c6 7. Be3 Qa5 8. Bd3 e5
9. O-O Ne7 10. Ne2 O-O 11. Bg5 Re8 12. Qc1 d5 13. cxd5 cxd5 14. Bd2 Qb6 15. Be3
Qd6 16. dxe5 Nxe5 17. Nxe5 dxe4 18. Bxe4 Qxe5 19. Bf3 Nf5 20. Bf4 Qxb2 21. Qxb2
Bxb2 22. Rab1 Be5 23. Bxb7 Bxf4 24. Nxf4 Bxb7 25. Rxb7 1/2-1/2

[Event "Offene Hessische Senioren Einzelmeisters"]
[Site "Bad Sooden- Allendorf"]
[Date "2011.05.04"]
[Round "5.48"]
[White "Just, Joachim"]
[Black "Juckschat, Paul"]
[Result "1-0"]
[WhiteElo "2032"]
[BlackElo "1926"]
[PlyCount "85"]
[EventDate "2011.??.??"]

1. g3 d5 2. f4 Bf5 3. Nf3 e6 4. Bg2 Be7 5. O-O c6 6. c3 h5 7. Qb3 Qb6+ 8. d4
Nd7 9. Nbd2 Qxb3 10. axb3 a6 11. b4 h4 12. Ne5 Ngf6 13. Re1 hxg3 14. hxg3 Nxe5
15. fxe5 Nh5 16. Nf1 g5 17. e4 dxe4 18. Bxe4 Ng7 19. Bg2 O-O-O 20. Ne3 Bh3 21.
Be4 Bf5 22. Bg2 Bh3 $11 23. Bd2 Nf5 24. Rf1 Nxe3 25. Bxe3 Bf5 26. Kf2 Rh2 27.
Rh1 Rdh8 28. Rxh2 Rxh2 29. Kg1 Rh7 30. Rf1 Kc7 31. Rf2 b6 32. b3 Rh8 33. Bf1
Ra8 34. Ra2 Kb7 35. Be2 Bb1 36. Rb2 Be4 37. Bh5 a5 38. Rf2 axb4 39. Rxf7 Ra1+
40. Kf2 Ra2+ 41. Ke1 bxc3 42. Rxe7+ Ka6 43. Be2+ 1-0

[Event "Offene Hessische Senioren Einzelmeisters"]
[Site "Bad Sooden- Allendorf"]
[Date "2011.05.04"]
[Round "5.49"]
[White "Türtmann, Dieter"]
[Black "Rüggeberg, Wilhelm"]
[Result "0-1"]
[WhiteElo "1973"]
[BlackElo "1918"]
[PlyCount "120"]
[EventDate "2011.??.??"]

1. c4 Nf6 2. Nc3 c5 3. g3 Nc6 4. Bg2 e6 5. Nf3 d6 6. O-O Be7 7. e3 O-O 8. d4
cxd4 9. exd4 d5 10. Ne5 Nxe5 11. dxe5 Nd7 12. cxd5 Nxe5 13. Qe2 Ng6 14. dxe6
Bxe6 15. Bxb7 Rb8 16. Bg2 Qc7 17. Re1 Bb4 18. Be3 Bc4 19. Qc2 Qa5 20. a3 Bxc3
21. Qxc3 Qxc3 22. bxc3 a5 23. Rab1 Rb3 24. Rxb3 Bxb3 25. Bd4 f6 26. f4 Kf7 27.
Kf2 a4 28. f5 Nh8 29. Re3 Re8 30. Bc5 Rxe3 31. Kxe3 g6 32. g4 Kg7 33. fxg6 hxg6
34. Bf1 Nf7 35. Be2 g5 36. Kd4 Nd8 37. c4 Ne6+ 38. Kc3 Nxc5 39. Kb4 Na6+ 40.
Kb5 Nc7+ 41. Kb6 Ne6 42. c5 Nd4 43. Bd3 Bd5 44. Bb5 Nxb5 45. Kxb5 Bb3 46. c6
Kf7 47. c7 Be6 48. Kxa4 Ke7 49. Kb5 Bxg4 50. Kb6 Bc8 51. Kc6 f5 52. Kd5 Kd7 53.
Kd4 Kxc7 54. Kc5 Bd7 55. Kd5 f4 56. Kd4 Kd6 57. Ke4 Bc6+ 58. Kd3 Ke5 59. Ke2 g4
60. Kf2 Kf5 0-1

[Event "Offene Hessische Senioren Einzelmeisters"]
[Site "Bad Sooden- Allendorf"]
[Date "2011.05.04"]
[Round "5.50"]
[White "Thormann, Werner"]
[Black "Klein, Klaus"]
[Result "0-1"]
[WhiteElo "1636"]
[BlackElo "2057"]
[PlyCount "58"]
[EventDate "2011.??.??"]

1. d4 d5 2. Nc3 Nf6 3. Bg5 Bf5 4. f3 c6 5. g4 Bg6 6. Bg2 Nbd7 7. e4 Qb6 8. Nge2
dxe4 9. f4 Nxg4 10. Qd2 Qxb2 11. Rb1 e3 12. Rxb2 exd2+ 13. Kxd2 Nb6 14. Ng3
Nc4+ 15. Kc1 Nxb2 16. Kxb2 Ne3 17. Be4 Bxe4 18. Ngxe4 Nf5 19. Re1 h6 20. Bxe7
Bxe7 21. d5 O-O-O 22. dxc6 bxc6 23. Ng3 Bh4 24. Rg1 Nxg3 25. hxg3 Bf6 26. Kb3
Bxc3 27. Kxc3 Rhe8 28. Kb3 Re3+ 29. Kb2 Rd2 0-1

[Event "Offene Hessische Senioren Einzelmeisters"]
[Site "Bad Sooden- Allendorf"]
[Date "2011.05.04"]
[Round "5.51"]
[White "Papenkordt, Karl-Hermann"]
[Black "Nietsch, Horst"]
[Result "1/2-1/2"]
[WhiteElo "1906"]
[BlackElo "2010"]
[PlyCount "80"]
[EventDate "2011.??.??"]

1. c4 e6 2. Nc3 c5 3. e4 Nc6 4. Nf3 a6 5. Be2 d6 6. d4 cxd4 7. Nxd4 Nge7 8. O-O
Nxd4 9. Qxd4 Nc6 10. Qd1 Be7 11. Be3 b6 12. f4 O-O 13. Bf3 Qc7 14. Rc1 Bf6 15.
Qd2 Bxc3 16. Rxc3 Bb7 17. Qf2 b5 18. a3 b4 19. axb4 Nxb4 20. Rd1 Qe7 21. e5
Bxf3 22. exd6 Rad8 23. Bc5 Qd7 24. Qxf3 Nc6 25. Ra3 a5 26. Bb6 Ra8 27. c5 Rfb8
28. Qc3 Rb7 29. Rda1 Rab8 30. Bxa5 Rxb2 31. Bc7 Rb1+ 32. Rxb1 Rxb1+ 33. Kf2 f6
34. Qc2 Rb4 35. g3 g6 36. Qc3 Kf7 37. Ra6 Re4 38. Qc2 f5 39. Ra4 Rxa4 40. Qxa4
h6 1/2-1/2

[Event "Offene Hessische Senioren Einzelmeisters"]
[Site "Bad Sooden- Allendorf"]
[Date "2011.05.04"]
[Round "5.52"]
[White "Simon, Götz-Jochen"]
[Black "Görtz, Hans"]
[Result "0-1"]
[WhiteElo "1862"]
[BlackElo "1989"]
[PlyCount "72"]
[EventDate "2011.??.??"]

1. e4 e5 2. Nf3 Nc6 3. Bc4 Nf6 4. Ng5 d5 5. exd5 Na5 6. Bb5+ c6 7. dxc6 bxc6 8.
Be2 h6 9. Nf3 Bd6 10. d3 c5 11. Nc3 Bb7 12. O-O O-O 13. h3 a6 14. Be3 Qe7 15.
Qd2 Nc6 16. Nd1 Nd4 17. c3 Nxf3+ 18. Bxf3 Bxf3 19. gxf3 Qe6 20. Kg2 Nh5 21. Qe2
Qg6+ 22. Kh1 Qf5 23. Kg2 Rfe8 24. Rh1 Nf4+ 25. Bxf4 exf4 26. Qd2 Re6 27. c4
Rg6+ 28. Kf1 Qg5 29. Nc3 Qg2+ 30. Ke2 Re8+ 31. Ne4 Rg3 32. Rag1 Qxf3+ 33. Kf1
Rxg1+ 34. Kxg1 f5 35. Nc3 Re6 36. Rh2 Bc7 0-1

[Event "Offene Hessische Senioren Einzelmeisters"]
[Site "Bad Sooden- Allendorf"]
[Date "2011.05.04"]
[Round "5.53"]
[White "Alefs, Heinz"]
[Black "Merettig, Georg"]
[Result "1/2-1/2"]
[WhiteElo "1839"]
[BlackElo "1943"]
[PlyCount "74"]
[EventDate "2011.??.??"]

1. d4 Nc6 2. Nf3 e6 3. Bf4 b6 4. e3 Nf6 5. Bd3 Be7 6. O-O Nh5 7. Bg3 Nxg3 8.
hxg3 Bb7 9. c3 d5 10. e4 dxe4 11. Bxe4 f5 12. Bd3 Qd7 13. Qe2 h5 14. Bb5 a6 15.
Ne5 Qd6 16. Bxc6+ Bxc6 17. Nxc6 Qxc6 18. Re1 Rh6 19. Nd2 h4 20. gxh4 Bxh4 21.
Qf3 Qxf3 22. Nxf3 Be7 23. Ne5 c5 24. Rad1 g5 25. Re2 g4 26. g3 Bd6 27. d5 Ke7
28. dxe6 Bxe5 29. Rxe5 Rah8 30. Kf1 Rh1+ 31. Ke2 Rxd1 32. Kxd1 Rh1+ 33. Kd2 Rb1
34. Kc2 Rf1 35. Re2 Rh1 36. a3 Rh2 37. Kd3 Rh3 1/2-1/2

[Event "Offene Hessische Senioren Einzelmeisters"]
[Site "Bad Sooden- Allendorf"]
[Date "2011.05.04"]
[Round "5.54"]
[White "Neumann, Horst"]
[Black "Gelzinnus, Siegfried"]
[Result "1-0"]
[WhiteElo "1958"]
[BlackElo "1821"]
[PlyCount "63"]
[EventDate "2011.??.??"]

1. e4 c6 2. d4 d5 3. Nc3 dxe4 4. Nxe4 Nd7 5. Bd3 Ndf6 6. Ne2 Nxe4 7. Bxe4 Bg4
8. f3 Bh5 9. Nf4 Bg6 10. c3 Nf6 11. Qc2 e6 12. Be3 Bd6 13. O-O-O Qa5 14. Kb1
Nxe4 15. fxe4 O-O-O 16. Nxg6 hxg6 17. e5 Be7 18. Rhf1 Rhf8 19. Rf3 Rd7 20. Rdf1
Bd8 21. Rh3 Rg8 22. Rff3 f6 23. Qxg6 c5 24. exf6 cxd4 25. Bc1 dxc3 26. Rxc3+
Kb8 27. f7 Rf8 28. Qxe6 Rfxf7 29. Rhd3 Rfe7 30. Bf4+ Bc7 31. Qg8+ Rd8 32. Qxd8#
1-0

[Event "Offene Hessische Senioren Einzelmeisters"]
[Site "Bad Sooden- Allendorf"]
[Date "2011.05.04"]
[Round "5.55"]
[White "Grams, Arthur"]
[Black "Perk, Egbert"]
[Result "1-0"]
[WhiteElo "1940"]
[BlackElo "1984"]
[PlyCount "57"]
[EventDate "2011.??.??"]

1. Nf3 Nf6 2. d4 d6 3. Bg5 Nbd7 4. Nbd2 c6 5. c3 Qc7 6. e4 g6 7. Bd3 Bg7 8. Bh4
O-O 9. O-O Re8 10. Rc1 e5 11. b4 Nh5 12. Qb3 Nf8 13. a4 Ne6 14. dxe5 dxe5 15.
Nc4 Nef4 16. Qc2 Be6 17. Nb2 Rad8 18. Bc4 Bg4 19. Ne1 Rd6 20. f3 Be6 21. Bxe6
Rdxe6 22. Bf2 Rd6 23. Be3 b6 24. g3 Ne6 25. Ned3 Red8 26. Nf2 c5 27. Rcd1 Rxd1
28. Nfxd1 Qd7 29. b5 {weitere 22 Züge nicht rekonstruierbar} 1-0

[Event "Offene Hessische Senioren Einzelmeisters"]
[Site "Bad Sooden- Allendorf"]
[Date "2011.05.04"]
[Round "5.56"]
[White "Smits, Oswald"]
[Black "Burkardt, Robert"]
[Result "0-1"]
[WhiteElo "1870"]
[BlackElo "1834"]
[PlyCount "98"]
[EventDate "2011.??.??"]

1. d4 d5 2. Nf3 Nf6 3. e3 e6 4. Bd3 Be7 5. Nbd2 O-O 6. O-O c5 7. c3 Nc6 8. Qe2
c4 9. Bc2 b5 10. e4 dxe4 11. Nxe4 Bb7 12. Nxf6+ Bxf6 13. Qe4 g6 14. Qe2 Ne7 15.
Re1 Bd5 16. Ne5 Nc6 17. Ng4 Bg7 18. Bd2 Qh4 19. f3 Rad8 20. Bf4 f5 21. Bg3 Qg5
22. Ne5 Nxe5 23. Bxe5 Bxe5 24. dxe5 Rd7 25. Rad1 Rfd8 26. Rd4 Qe7 27. Red1 Qc5
28. Kf1 a5 29. Qd2 Kg7 30. a3 Bc6 31. Rxd7+ Rxd7 32. Qe1 Rxd1 33. Bxd1 Qd5 34.
Qe2 h6 35. Bc2 g5 36. Qe3 Kg6 37. Qd4 Qxd4 38. cxd4 h5 39. Kf2 b4 40. axb4 axb4
41. g3 b3 42. Bb1 Kf7 43. Ke3 Ke7 44. Ke2 g4 45. fxg4 hxg4 46. Kd2 Be4 47. Kc1
Kd7 48. Bxe4 fxe4 49. Kd2 Kc6 0-1

[Event "Offene Hessische Senioren Einzelmeisters"]
[Site "Bad Sooden- Allendorf"]
[Date "2011.05.04"]
[Round "5.57"]
[White "Fritsch, Wolfgang"]
[Black "Blosze, Winfried"]
[Result "1-0"]
[WhiteElo "1847"]
[BlackElo "1956"]
[PlyCount "71"]
[EventDate "2011.??.??"]

1. e4 e5 2. Nc3 Bc5 3. Nf3 d6 4. d4 exd4 5. Nxd4 Qf6 6. Be3 a6 7. Qd2 Nc6 8.
Nd5 Qd8 9. Nxc6 bxc6 10. Bxc5 cxd5 11. Bd4 Nf6 12. exd5 O-O 13. O-O-O h6 14.
Bxf6 Qxf6 15. Bc4 Bd7 16. Qd4 Qg5+ 17. f4 Qd8 18. Rd3 Bb5 19. Rg3 f6 20. Re1
Kh8 21. Bb3 Re8 22. Rge3 Rxe3 23. Rxe3 Qf8 24. c4 Bd7 25. Bc2 Qf7 26. Qd3 f5
27. Qe2 Rd8 28. Re7 Qf8 29. g3 g6 30. Kd2 a5 31. Qe3 Kg8 32. g4 c5 33. dxc6
Bxc6 34. Qe6+ Kh8 35. Rf7 Qg8 36. Qf6+ 1-0

[Event "Offene Hessische Senioren Einzelmeisters"]
[Site "Bad Sooden- Allendorf"]
[Date "2011.05.04"]
[Round "5.58"]
[White "Held, Helmut"]
[Black "Bill, Eugen"]
[Result "1/2-1/2"]
[WhiteElo "1999"]
[BlackElo "1873"]
[PlyCount "110"]
[EventDate "2011.??.??"]

1. e4 e5 2. Nf3 Nc6 3. Bb5 a6 4. Ba4 b5 5. Bb3 Bc5 6. a4 Bb7 7. Qe2 Na5 8. Ba2
d6 9. axb5 Nf6 10. Bxf7+ Kxf7 11. Rxa5 c6 12. b4 cxb5 13. c3 Bb6 14. Ra3 h6 15.
d3 Rc8 16. Qa2+ Kg6 17. O-O Rf8 18. Nh4+ Kh7 19. Nf5 d5 20. Be3 dxe4 21. Bxb6
Qxb6 22. d4 Nd5 23. Ng3 exd4 24. Nxe4 Nxb4 25. Ng5+ hxg5 26. cxb4 Qc6 27. Rh3+
Kg6 28. Rg3 Qc4 29. Qd2 Rf5 30. h4 Qd5 31. Re1 Rcf8 32. Qd3 Kh6 33. hxg5+ Rxg5
34. Rh3+ Rh5 35. Rxh5+ Qxh5 36. Qxd4 Qg6 37. f3 Kh7 38. Kf2 Kg8 39. Nd2 Qf6 40.
Qg4 Qb6+ 41. Kf1 Qd6 42. Qe6+ Qxe6 43. Rxe6 Rd8 44. Ke1 Kf7 45. Rb6 Rd7 46. Nb3
Bc8 47. Kf2 Rd3 48. Na5 Rd2+ 49. Kg3 Rb2 50. Rb8 Be6 51. Ra8 Rxb4 52. Rxa6 Ra4
53. Ra7+ Kf6 54. Nc6 Rxa7 55. Nxa7 Bc4 1/2-1/2